[Event "Kochan Memorial 25th"]
[Site "Koszalin"]
[Date "2014.08.14"]
[Round "7"]
[White "Malaniuk, Vladimir P"]
[Black "Warakomski, Tomasz"]
[Result "0-1"]
[WhiteElo "2546"]
[BlackElo "2489"]
[PlyCount "96"]
[EventDate "2014.08.09"]
[EventType "tourn"]
[EventRounds "9"]
[EventCountry "POL"]
[EventCategory "9"]
[SourceTitle "CBM 161 Extra"]
[Source "ChessBase"]
[SourceDate "2014.08.29"]
[SourceVersion "1"]
[SourceVersionDate "2014.08.29"]
[SourceQuality "1"]

1. d4 Nf6 2. c4 e6 3. Nf3 c5 4. d5 d6 5. Nc3 exd5 6. cxd5 a6 7. a4 g6 8. h3 Bg7 9. e4 0-0 10. Bd3 Re8 11. 0-0 Nbd7 12. Re1 Nh5 13. Bg5 Qc7 14. Qd2 Ne5 15. Be2 Nf6 16. Nh2 c4 17. Nf1 Nfd7 18. Qc2 Nc5 19. Nd2 Ncd3 20. Reb1 Bd7 21. a5 Nb4 22. Qd1 Ned3 23. Bxd3 Nxd3 24. Be3 Nxb2 25. Qc2 Nd3 26. Bb6 Qc8 27. Ra3 f5 28. f3 Re7 29. Kh1 f4 30. Na4 Bb5 31. Bg1 Qf8 32. Nb6 Rd8 33. Ndxc4 Ne5 34. Nxe5 Bxe5 35. Rc1 Qg7 36. Ra2 g5 37. Qd1 h5 38. Rac2 Kh7 39. Rc8 Rxc8 40. Rxc8 g4 41. fxg4 hxg4 42. Nc4 f3 43. gxf3 gxh3 44. Qd2 Bf4 45. Qc2 Ba4 46. Qe2 Bd1 47. Qf2 Qh6 48. Bh2 Rg7 0-1

[Event "Kochan Memorial 25th"]
[Site "Koszalin"]
[Date "2014.08.12"]
[Round "4"]
[White "Shishkin, Vadim"]
[Black "Malaniuk, Vladimir P"]
[Result "1/2-1/2"]
[WhiteElo "2478"]
[BlackElo "2546"]
[PlyCount "60"]
[EventDate "2014.08.09"]
[EventType "tourn"]
[EventRounds "9"]
[EventCountry "POL"]
[EventCategory "9"]
[SourceTitle "CBM 161 Extra"]
[Source "ChessBase"]
[SourceDate "2014.08.29"]
[SourceVersion "1"]
[SourceVersionDate "2014.08.29"]
[SourceQuality "1"]

1. c4 e6 2. Nc3 d5 3. d4 Be7 4. Nf3 Nf6 5. Bg5 h6 6. Bh4 0-0 7. e3 b6 8. Be2 Bb7 9. Bxf6 Bxf6 10. cxd5 exd5 11. 0-0 Nd7 12. b4 c6 13. Qb3 Re8 14. Rfc1 a5 15. b5 c5 16. Nxd5 Bxd4 17. exd4 Rxe2 18. Re1 Rxe1+ 19. Rxe1 Bxd5 20. Qxd5 Nf6 21. Qxd8+ Rxd8 22. dxc5 bxc5 23. a4 c4 24. Rc1 c3 25. Kf1 Nd5 26. Ke2 Nf4+ 27. Kf1 Nd5 28. Ke2 Nf4+ 29. Kf1 Nd5 30. Ke2 Nf4+ 1/2-1/2

[Event "Kochan Memorial 25th"]
[Site "Koszalin"]
[Date "2014.08.10"]
[Round "2"]
[White "Mazur, Stefan"]
[Black "Malaniuk, Vladimir P"]
[Result "1/2-1/2"]
[WhiteElo "2407"]
[BlackElo "2546"]
[PlyCount "125"]
[EventDate "2014.08.09"]
[EventType "tourn"]
[EventRounds "9"]
[EventCountry "POL"]
[EventCategory "9"]
[SourceTitle "CBM 161 Extra"]
[Source "ChessBase"]
[SourceDate "2014.08.29"]
[SourceVersion "1"]
[SourceVersionDate "2014.08.29"]
[SourceQuality "1"]

1. e4 e5 2. Nf3 Nc6 3. Bb5 a6 4. Ba4 Nf6 5. 0-0 Be7 6. Re1 b5 7. Bb3 d6 8. c3 0-0 9. h3 Rb8 10. d4 exd4 11. cxd4 d5 12. e5 Ne4 13. Nbd2 Bf5 14. Bc2 Nb4 15. Bb1 c5 16. Nxe4 dxe4 17. Bxe4 Bxe4 18. Rxe4 c4 19. Rg4 f5 20. exf6 Bxf6 21. Bf4 Rc8 22. Qe1 Qe7 23. Qxe7 Bxe7 24. Re1 Rfe8 25. Be5 Bf8 26. Ng5 Nd3 27. Re2 b4 28. Ne4 Kh8 29. f4 a5 30. Ng5 h5 31. Rg3 Nxf4 32. Rc2 Nd3 33. Nf7+ Kg8 34. Nd6 Bxd6 35. Bxd6 Rc6 36. Be5 Nxe5 37. Re3 Kf7 38. dxe5 Rec8 39. Rf3+ Ke6 40. Rg3 R8c7 41. Rg5 a4 42. Kf2 b3 43. axb3 cxb3 44. Re2 Rc2 45. Rg6+ Kf5 46. Ra6 Rxe2+ 47. Kxe2 Rc2+ 48. Kf3 Kxe5 49. Ra5+ Kd4 50. Rxa4+ Kd3 51. Ra7 Rxb2 52. Rxg7 Rd2 53. g4 b2 54. Rb7 Kc2 55. Rc7+ Kd1 56. Rb7 hxg4+ 57. hxg4 Kc1 58. Ke4 b1Q+ 59. Rxb1+ Kxb1 60. g5 Kc2 61. g6 Kc3 62. Ke5 Rg2 63. Kf6 1/2-1/2

[Event "Cannes op 26th"]
[Site "Cannes"]
[Date "2014.07.11"]
[Round "7"]
[White "Fier, Alexandr"]
[Black "Malaniuk, Vladimir P"]
[Result "1/2-1/2"]
[WhiteElo "2567"]
[BlackElo "2554"]
[PlyCount "32"]
[EventDate "2014.07.07"]
[EventType "swiss"]
[EventRounds "9"]
[EventCountry "FRA"]
[SourceTitle "EXT 2015"]
[Source "ChessBase"]
[SourceDate "2014.11.20"]
[SourceVersion "1"]
[SourceVersionDate "2014.11.20"]
[SourceQuality "1"]

1. d4 f5 2. Bg5 g6 3. Nc3 Bg7 4. h4 Nc6 5. e4 Nxd4 6. exf5 gxf5 7. Bc4 Kf8 8. Nh3 c6 9. h5 h6 10. Be3 e5 11. f4 d5 12. fxe5 Qh4+ 13. Bf2 Nxc2+ 14. Qxc2 Qxc4 15. 0-0-0 Bxe5 16. Rhe1 Bf6 1/2-1/2